The Cocktail Bar #2 - Statistics

General Stats
  • This quiz has been taken 29 times
  • The average score is 8 of 15
Answer Stats
Clue Answer % Correct
Juice /syrup made from pomegranates. G Grenadine
92%
Plastic, increasingly paper tubes. S Straws
88%
Bacardi for example. WR White rum
84%
For round the rim of the glass, sometimes. S Salt
76%
Staple spirit (especially in the Navy). DR Dark rum
72%
Moet and Chandon or Tattingers, maybe? C Champagne
68%
Maraschino of course! C Cherries
64%
Metal container with lid, CS Cocktail shaker
56%
To extract the liquid and pulp from fruit. J Juicer
56%
Used to mash fruits together. M Muddler
56%
Bartenders sieve. CS Cocktail strainer
44%
Often seen on November 5th, gives your cocktail some pizzazz. S Sparkler
32%
Essential for those 'snowballs', gloopy and yellow and often Dutch. A Advocaat
28%
Got cubes of frozen water inside (sometimes a plastic pineapple shape !) 😀. IB Ice bucket
20%
Citrus. LS Lemon slices
8%
No matching quizzes found
Score Distribution
Percent of People with Each Score
Percentile by Number Answered
Your Score History
You have not taken this quiz